Écrits d'anthropologie juridique et politique
Сохранить в:
| Главный автор: | |
|---|---|
| Формат: | |
| Язык: | Undetermined |
| Опубликовано: |
Louvain-la-Neuve, Belgique
Academia-Bruylant
2008
|
| Предметы: | |
| Метки: |
Добавить метку
Нет меток, Требуется 1-ая метка записи!
|
| Thư viện lưu trữ: | Trung tâm Học liệu Trường Đại học Cần Thơ |
|---|
| LEADER | 00560nam a2200193Ia 4500 | ||
|---|---|---|---|
| 001 | CTU_158526 | ||
| 008 | 210402s9999 xx 000 0 und d | ||
| 082 | |a 340.115 | ||
| 082 | |b K97 | ||
| 100 | |a Kuyu, Camille | ||
| 245 | 0 | |a Écrits d'anthropologie juridique et politique | |
| 245 | 0 | |c Camille Kuyu | |
| 260 | |a Louvain-la-Neuve, Belgique | ||
| 260 | |b Academia-Bruylant | ||
| 260 | |c 2008 | ||
| 650 | |a Law and anthropology,Ethnological jurisprudence | ||
| 650 | |z Afrique | ||
| 904 | |i Giang | ||
| 980 | |a Trung tâm Học liệu Trường Đại học Cần Thơ | ||